Statistics for Words that End in "-nky"

Click here to take the quiz!

General Stats

  • This quiz has been taken 110 times
  • The average score is 9 of 19

Answer Stats

Answer% Correct
Pinky
76%
Stinky
76%
Dinky
70%
Inky
62%
Lanky
62%
Slinky
62%
Funky
56%
Hanky
54%
Kinky
51%
Cranky
49%
Hunky
45%
Wonky
45%
Chunky
41%
Clunky
40%
Junky
36%
Spunky
34%
Flunky
26%
Swanky
23%
Skanky
17%

Score Distribution

Percentile by Number Answered

Percent of People with Each Score

Your Score History

You have not taken this quiz